<?xml version="1.0" encoding="UTF-8"?>
<record
    xmlns:xsi="http://www.w3.org/2001/XMLSchema-instance"
    xsi:schemaLocation="http://www.loc.gov/MARC21/slim http://www.loc.gov/standards/marcxml/schema/MARC21slim.xsd"
    xmlns="http://www.loc.gov/MARC21/slim">

  <leader>00835nam a22001937i 4500</leader>
  <datafield tag="999" ind1=" " ind2=" ">
    <subfield code="c">22989</subfield>
    <subfield code="d">22989</subfield>
  </datafield>
  <controlfield tag="003">AR-CdUCM</controlfield>
  <controlfield tag="008">240814b20152015 pe||||| |||| 00| 0 spa d</controlfield>
  <datafield tag="040" ind1=" " ind2=" ">
    <subfield code="a">MUNICIPALIDAD PROVINCIAL DEL CUSCO</subfield>
    <subfield code="c">BIBLIOTECA MUNICIPAL DEL CUSCO</subfield>
  </datafield>
  <datafield tag="082" ind1=" " ind2=" ">
    <subfield code="a">ES / 398.20985 / G96M / Vol. II</subfield>
    <subfield code="b">G96M</subfield>
  </datafield>
  <datafield tag="100" ind1=" " ind2=" ">
    <subfield code="a">Guti&#xE9;rrez Ccoscco, Leylys de la Rosa.</subfield>
  </datafield>
  <datafield tag="245" ind1=" " ind2=" ">
    <subfield code="a">Mitos y leyendas de criaturas fant&#xE1;sticas del Per&#xFA; Vol. II : </subfield>
    <subfield code="b">Una selecci&#xF3;n de los seres m&#xE1;gicos que ha conmovido nuestro miedo a trav&#xE9;s de la historia /</subfield>
  </datafield>
  <datafield tag="260" ind1=" " ind2=" ">
    <subfield code="a">Cusco :</subfield>
    <subfield code="c">2015.</subfield>
    <subfield code="b"> Asociaci&#xF3;n de gu&#xED;as profesionales del Per&#xFA;,</subfield>
  </datafield>
  <datafield tag="300" ind1=" " ind2=" ">
    <subfield code="a">36 p&#xE1;ginas. :</subfield>
    <subfield code="c">15 cm.</subfield>
  </datafield>
  <datafield tag="505" ind1=" " ind2=" ">
    <subfield code="a">Chununa -- Qeqe -- Lamun -- Yana&#xF1;awi -- Waraki --Supay --Yara -- Pelaqalas</subfield>
  </datafield>
  <datafield tag="650" ind1=" " ind2=" ">
    <subfield code="a">Mitos</subfield>
    <subfield code="9">12603</subfield>
  </datafield>
  <datafield tag="650" ind1=" " ind2=" ">
    <subfield code="a">Leyendas</subfield>
    <subfield code="9">2226</subfield>
  </datafield>
  <datafield tag="942" ind1=" " ind2=" ">
    <subfield code="2">ddc</subfield>
    <subfield code="c">LIBROS</subfield>
  </datafield>
  <datafield tag="945" ind1=" " ind2=" ">
    <subfield code="a">pbj</subfield>
    <subfield code="d">2024-08-14</subfield>
  </datafield>
  <datafield tag="952" ind1=" " ind2=" ">
    <subfield code="0">0</subfield>
    <subfield code="2">ddc</subfield>
    <subfield code="4">0</subfield>
    <subfield code="7">0</subfield>
    <subfield code="a">SI</subfield>
    <subfield code="b">SI</subfield>
    <subfield code="c">CART</subfield>
    <subfield code="d">2024-08-14</subfield>
    <subfield code="e">Donaci&#xF3;n</subfield>
    <subfield code="g">10.00</subfield>
    <subfield code="o">ES / 398.20985 / G96M / Vol. II</subfield>
    <subfield code="p">SI00004942</subfield>
    <subfield code="r">2024-08-14</subfield>
    <subfield code="y">LIBROS</subfield>
  </datafield>
</record>
